| 000 | 00691nam a2200229 a 4500 | ||
|---|---|---|---|
| 005 | 20240912063811.0 | ||
| 008 | 020520s1997 ag r 000 0 spa d | ||
| 020 | _a9507013792 | ||
| 035 | _aUPN01000117367 | ||
| 049 | _aCG | ||
| 050 | 4 |
_aBF723 B6 _bA6.2 |
|
| 100 | 1 |
_aApel, Tuli _931167 |
|
| 245 | 1 | 0 |
_aDe la cabeza a los pies : _bel cuerpo como eje integrador de contenidos / _cTuli Apel. |
| 260 |
_aBuenos Aires : _bAique, _c1997. |
||
| 300 |
_a163 p. : _bil. |
||
| 440 | 0 | _aAportes a la educación inicial | |
| 650 | 4 |
_aAUTOIMAGEN CORPORAL _92921 |
|
| 650 | 2 |
_aCuerpo humano _99138 |
|
| 650 | 4 |
_aEXPRESION FACIAL _913562 |
|
| 650 | 7 |
_aEducación psicomotriz _2 _95394 |
|
| 905 | _aLibro | ||
| 999 |
_c89899 _d89899 |
||